000 01468nam a2200157 4500
999 _c512679
_d512679
008 191207b ||||| |||| 00| 0 eng d
100 _aHeibreder, Eva G. et al
_914347
245 _aEU referendums in context: What can we learn from the Swiss case?
260 _bPublic Administration
300 _a97(2), 2019: p.370-383.
520 _aThe rising number of referendums on EU matters, such as the Brexit and the Catalonian independence votes, highlight the increasing importance of referendums as a problem‐solving mechanism in the EU. We argue that the Swiss case provides essential insights into understanding the dynamics behind referendums, which are often lacking when referendums are called for in the EU. Referendums in EU member states on EU matters differ substantially from those in the Swiss context. Nevertheless, proponents of more direct democratic decision‐making regularly cite the Swiss example. Our systematic analysis of why referendums are called, how they unfold and their effects in the EU and Switzerland reveals that the EU polity lacks the crucial conditions that embed direct democracy within the wider political and institutional system. The comparative perspective offers fundamental insights into the preconditions required for direct democracy to function and its limitations in the EU. - Reproduced.
650 _aBrexit
_914348
773 _aPublic Administration
906 _aReferendums - European Union
942 _2ddc
_cAR